MARC details
| 000 -LEADER |
| fixed length control field |
03811cgm a2200709Ii 4500 |
| 001 - CONTROL NUMBER |
| control field |
on1223531479 |
| 003 - CONTROL NUMBER IDENTIFIER |
| control field |
OCoLC |
| 005 - DATE AND TIME OF LATEST TRANSACTION |
| control field |
20211013145021.0 |
| 008 - FIXED-LENGTH DATA ELEMENTS--GENERAL INFORMATION |
| fixed length control field |
201123s2019 cau175 vleng d |
| 040 ## - CATALOGING SOURCE |
| Original cataloging agency |
AL5PX |
| Language of cataloging |
eng |
| Transcribing agency |
AL5PX |
| Modifying agency |
OCLCO |
| -- |
OCL |
| -- |
WACOL |
| 024 1# - OTHER STANDARD IDENTIFIER |
| Standard number or code |
031398324089 |
| 035 ## - SYSTEM CONTROL NUMBER |
| System control number |
(OCoLC)1223531479 |
| 092 ## - LOCALLY ASSIGNED DEWEY CALL NUMBER (OCLC) |
| Classification number |
DVD |
| Item number |
Chr |
| 049 ## - LOCAL HOLDINGS (OCLC) |
| Holding library |
WACL |
| 245 02 - TITLE STATEMENT |
| Title |
Christmas a la mode ; You light up my Christmas / |
| Statement of responsibility, etc |
Lifetime. |
| 246 3# - VARYING FORM OF TITLE |
| Title proper/short title |
You light up my Christmas |
| 264 #1 - Production, Publication, Distribution, Manufacture, and Copyright Notice. |
| Place of production, publication, distribution, manufacture |
Santa Monica, California : |
| Name of producer, publisher, distributor, manufacturer |
Lionsgate, |
| Date of production, publication, distribution, manufacture, or copyr |
2019 |
| 300 ## - PHYSICAL DESCRIPTION |
| Extent |
1 videodisc (175 min.) : |
| Other physical details |
sound, color ; |
| Dimensions |
4 3/4 in. |
| 336 ## - Content Type |
| Content type term |
two-dimensional moving image |
| 337 ## - Media type |
| Media type term |
video |
| 338 ## - Carrier type |
| Carrier type term |
videodisc |
| 344 ## - |
| -- |
digital |
| -- |
rdatr |
| 344 ## - |
| -- |
optical |
| -- |
rdarm |
| 344 ## - |
| -- |
surround |
| -- |
rdacpc |
| 344 ## - |
| -- |
Dolby digital 2.0 |
| 346 ## - |
| -- |
NTSC |
| -- |
rdabs |
| 347 ## - |
| -- |
video file |
| -- |
rdaft |
| 347 ## - |
| -- |
region |
| -- |
rdare |
| 347 ## - |
| -- |
DVD video |
| 380 ## - |
| -- |
Made-for-TV movies |
| -- |
lcgft |
| 490 1# - SERIES STATEMENT |
| Series statement |
Lifetime double feature |
| 500 ## - GENERAL NOTE |
| General note |
Lifetime double feature. |
| 538 ## - SYSTEM DETAILS NOTE |
| System details note |
DVD; Dolby digital 2.0. |
| 546 ## - LANGUAGE NOTE |
| Language note |
Subtitled for the deaf and hard of hearing (SDH). |
| 500 ## - GENERAL NOTE |
| General note |
Title from container. |
| 511 1# - PARTICIPANT OR PERFORMER NOTE |
| Participant or performer note |
Christmas A La Mode: Katie Leclerc, Ryan Cooper. |
| 511 1# - PARTICIPANT OR PERFORMER NOTE |
| Participant or performer note |
You Light Up My Christmas: Kim Fields, Adrian Holmes. |
| 500 ## - GENERAL NOTE |
| General note |
Widescreen (1.78:1). |
| 521 8# - TARGET AUDIENCE NOTE |
| Target audience note |
Rating: TV-PG. |
| 520 ## - SUMMARY, ETC. |
| Summary, etc |
Christmas A La Mode: When a handsome stranger, Charlie, visits the family dairy run by Emily during Christmastime, Emily has to hide her attraction to him when it turns out he works with her ruthless sister who plans to sell the farm. Emily dreams up an ingenious plan to buy her sister out -- an online ice-cream flavor contest that goes viral -- but it's up to Charlie to supply the key ingredient...and a recipe for romance. |
| 520 ## - SUMMARY, ETC. |
| Summary, etc |
You Light Up My Christmas: Emma (Kim Fields) returns to her hometown built around her family's pioneer Christmas Light factory to find the lights dim in the once festive town. Emma reconnects with her old flame and they set out to fulfill her father's dream of creating the brightest light, as both the town and their hearts are set ablaze by the joys of Christmas. Lisa Whelchel, Mindy Cohn, and Nancy McKeon -- who costarred with Fields in the iconic TV series "The Facts of Life" -- reunite as new characters in this charming holiday film inspired by true events. |
| 505 00 - FORMATTED CONTENTS NOTE |
| Title |
Christmas A La Mode / |
| Statement of responsibility |
written and directed by John Stimpson; directed |
| Miscellaneous information |
(2019) (88 min.) -- |
| Title |
You Light Up My Christmas |
| Statement of responsibility |
/ written by Barbara Kymlicka; directed by Rhonda F. Baraka |
| Miscellaneous information |
(2019) (87 min.). |
| 521 ## - TARGET AUDIENCE NOTE |
| Target audience note |
DVD |
| Source |
Donation |
| 650 #0 - SUBJECT ADDED ENTRY--TOPICAL TERM |
| Topical term or geographic name as entry element |
Family farm |
| Form subdivision |
Drama. |
| 9 (RLIN) |
6430128 |
| 650 #0 - SUBJECT ADDED ENTRY--TOPICAL TERM |
| Topical term or geographic name as entry element |
Family-owned business enterprises |
| Form subdivision |
Drama. |
| 9 (RLIN) |
5692310 |
| 650 #0 - SUBJECT ADDED ENTRY--TOPICAL TERM |
| Topical term or geographic name as entry element |
Man-woman relationships |
| Form subdivision |
Drama. |
| 9 (RLIN) |
5673977 |
| 650 #7 - SUBJECT ADDED ENTRY--TOPICAL TERM |
| Topical term or geographic name as entry element |
Man-woman relationships. |
| Source of heading or term |
fast |
| -- |
(OCoLC)fst01007080 |
| 650 #7 - SUBJECT ADDED ENTRY--TOPICAL TERM |
| Topical term or geographic name as entry element |
Family-owned business enterprises. |
| Source of heading or term |
fast |
| -- |
(OCoLC)fst00920575 |
| 650 #7 - SUBJECT ADDED ENTRY--TOPICAL TERM |
| Topical term or geographic name as entry element |
Family farm. |
| Source of heading or term |
fast |
| 9 (RLIN) |
6430129 |
| 650 #7 - SUBJECT ADDED ENTRY--TOPICAL TERM |
| Topical term or geographic name as entry element |
Family business. |
| Source of heading or term |
fast |
| 9 (RLIN) |
6430130 |
| 655 #7 - INDEX TERM--GENRE/FORM |
| Genre/form data or focus term |
Drama. |
| Source of term |
fast |
| -- |
(OCoLC)fst01423879 |
| 655 #7 - INDEX TERM--GENRE/FORM |
| Genre/form data or focus term |
Christmas films. |
| Source of term |
fast |
| -- |
(OCoLC)fst01710287 |
| 9 (RLIN) |
5675361 |
| 655 #7 - INDEX TERM--GENRE/FORM |
| Genre/form data or focus term |
Fiction films. |
| Source of term |
fast |
| -- |
(OCoLC)fst01710264 |
| 655 #7 - INDEX TERM--GENRE/FORM |
| Genre/form data or focus term |
Made-for-TV movies. |
| Source of term |
fast |
| -- |
(OCoLC)fst01710404 |
| 655 #7 - INDEX TERM--GENRE/FORM |
| Genre/form data or focus term |
Romance films. |
| Source of term |
fast |
| -- |
(OCoLC)fst01710332 |
| 9 (RLIN) |
5675183 |
| 655 #7 - INDEX TERM--GENRE/FORM |
| Genre/form data or focus term |
Video recording for the hearing impaired. |
| Source of term |
fast |
| 9 (RLIN) |
6430131 |
| 710 2# - ADDED ENTRY--CORPORATE NAME |
| Corporate name or jurisdiction name as entry element |
Lions Gate Entertainment (Firm), |
| Relator term |
publisher. |
| 9 (RLIN) |
5675069 |
| 730 02 - ADDED ENTRY--UNIFORM TITLE |
| -- |
Container of (work): |
| Uniform title |
Christmas A La Mode (Motion picture) |
| 9 (RLIN) |
6430132 |
| 730 02 - ADDED ENTRY--UNIFORM TITLE |
| -- |
Container of (work): |
| Uniform title |
You Light Up My Christmas (Motion picture) |
| 9 (RLIN) |
6430133 |
| 830 #0 - SERIES ADDED ENTRY--UNIFORM TITLE |
| Uniform title |
Lifetime double feature. |
| 994 ## - |
| -- |
C0 |
| -- |
WACOL |